Ligne 14 Métro Paris - Statistiques

Statistiques générales
  • Ce quiz a été pris 289 fois
    216 depuis la dernière actualisation
  • Le résultat moyen est 16 sur 21
Statistiques - réponses
Correspondance(s) Station % Correct
M1 ; RER A D ; Tr R Gare de Lyon
96%
M1 M4 M7 M11 ; RER A B D Châtelet
95%
M3 M9 M12 M13 ; Tr E J L Saint-Lazare
93%
M6 Bercy
91%
T7 Aéroport d'Orly
88%
M8 M12 Madeleine
86%
M7 Pyramides
85%
Olympiades
82%
M13 Mairie de Saint-Ouen
80%
Cour Saint-Emilion
79%
M13 ; RER D Saint-Denis - Pleyel
77%
RER C Saint-Ouen
76%
M7 ; T3a Maison Blanche
74%
T3a ; RER C Bibliothèque François Mitterrand
72%
Tr L Pont-Cardinet
67%
M13 ; T3b ; RER C Porte de Clichy
66%
RER C Thiais - Orly
57%
L'Haÿ-les-Roses
56%
Hôpital - Bicêtre
54%
T7 Chevilly - Larue
50%
Villejuif - Gustave Roussy
50%
Aucun quiz correspondant
Distribution des résultats
% des personnes avec chaque résultat
Percentile par nombre de réponses
Votre historique - résultats
Vous n’avez pas pris ce quiz depuis la dernière actualisation